Sagome di Stati con bandiere #8 - Statistics

Statistiche generali
  • Questo quiz è stato fatto 4.494 volte
  • Il punteggio medio è 14 su 16
Statistiche sulle risposte
con Immagini Risposta % Corretto
Città del Vaticano
99%
Irlanda
95%
Paesi Bassi
94%
Bulgaria
93%
Slovenia
91%
Bangladesh
90%
Kenya
90%
Iraq
89%
Paraguay
88%
Ecuador
85%
Cambogia
84%
Ghana
83%
Etiopia
81%
Laos
79%
Libia
79%
Malawi
67%
Nessun quiz corrispondente trovato
Distribuzione punteggi
Percentuale di utenti per punteggio
Percentile per numero di risposta
I tuoi punteggi nel tempo
Non hai fatto questo quiz